000
00311nam a2200133Ia 4500
005
20251222143307.0
008
251222s9999||||xx |||||||||||||| ||spa||
020
_a
84-7017-824-5
082
_a
823.9/L33G
100
_a
Le Carré, John
245
0
_a
La Gente de Smiley
264
_b
Argos Vergara
942
_c
LIB
999
_c
15576
_d
15576